Trastornos de aprendizaje y de la conducta escolar: psicopatología de la disfunción cerebral mínima

Збережено в:
Бібліографічні деталі
Автор: Bravo Valdivieso, Luis (Автор)
Формат: Книга
Мова:Іспанська
Опубліковано: Santiago Nueva Universidad 1977
Редагування:2a. ed
Предмети:
Теги: Додати тег
Немає тегів, Будьте першим, хто поставить тег для цього запису!

MARC

LEADER 00000nam a2200000 a 4500
001 UCZ0731
003 CL-VaPUC
008 950809e19770400CL |||||||||||||||||spa|d
082 0 4 |a 371.92  |b BRA  |2 21 
100 0 |a Bravo Valdivieso, Luis  |e author  |9 343910 
245 1 0 |a Trastornos de aprendizaje y de la conducta escolar: psicopatología de la disfunción cerebral mínima 
250 |a 2a. ed 
300 |a 277 p 
942 |c BK 
945 |d 19950809 00:00:00  |a cmena 
260 |a Santiago  |b Nueva Universidad  |c 1977 
650 0 |a Trastornos del aprendizaje  |9 307969 
650 0 |a Trastornos de la personalidad   |9 307698 
650 0 |a Psicología educacional   |9 307830 
650 0 |a Psicología del desarrollo  |9 307541 
650 0 |a Niños  |9 255605 
650 0 |a Procesos de aprendizaje  |9 309161 
650 0 |a Alumnos de aprendizaje lento   |9 340240 
650 7 |a COMPORTAMIENTO DEL ALUMNO  |2 CL-VaPUC  |9 338060 
583 |a last modification  |c 19950809 00:00:00  |k Rodrigo Vera 
999 |c 237639  |d 237637 
952 |0 0  |1 0  |4 0  |6 371_920000000000000_BRA_1977  |7 0  |8 P  |9 247089  |a BIBEDU  |b BIBEDU  |c BIBEDU_PB  |d 2019-11-18  |i 2774496  |o 371.92 BRA 1977  |p 2774496  |r 2024-01-25  |w 2019-11-18  |y BK  |k EDU 
952 |0 0  |1 0  |4 0  |6 371_920000000000000_BRA_1977  |7 0  |8 P  |9 247090  |a BIBEDU  |b BIBEDU  |c BIBEDU_PB  |d 2019-11-18  |i 1552783  |o 371.92 BRA 1977  |p 1552783  |r 2024-01-25  |w 2019-11-18  |y BK  |k EDU 
952 |0 0  |1 0  |4 0  |6 371_920000000000000_BRA_1977  |7 0  |8 P  |9 247091  |a BIBEDU  |b BIBEDU  |c BIBEDU_PB  |d 2019-11-18  |i 1552791  |o 371.92 BRA 1977  |p 1552791  |r 2024-01-25  |w 2019-11-18  |y BK  |k EDU